[Event "NK21_Hoogeveen Open"]
[Site "Hoogeveen, Netherlands"]
[Date "2021.10.21"]
[Round "7.1"]
[White "Arabi, Osama"]
[Black "Bezemer, Arno"]
[Result "1-0"]
[WhiteElo "1940"]
[BlackElo "2283"]

1. d4 {[%clk 01:30:57]} {[%emt 00:00:02]} Nf6 {[%clk 01:30:54]} {[%emt
00:00:07]} 2. c4 {[%clk 01:31:22]} {[%emt 00:00:05]} c5 {[%clk 01:31:08]}
{[%emt 00:00:16]} 3. d5 {[%clk 01:31:46]} {[%emt 00:00:06]} g6 {[%clk
01:31:32]} {[%emt 00:00:06]} 4. Nc3 {[%clk 01:32:02]} {[%emt 00:00:13]} Bg7
{[%clk 01:31:57]} {[%emt 00:00:06]} 5. e4 {[%clk 01:32:12]} {[%emt 00:00:19]}
d6 {[%clk 01:32:18]} {[%emt 00:00:09]} 6. Nge2 {[%clk 01:31:00]} {[%emt
00:01:42]} O-O {[%clk 01:27:48]} {[%emt 00:05:00]} 7. Ng3 {[%clk 01:30:06]}
{[%emt 00:01:24]} e6 {[%clk 01:23:17]} {[%emt 00:05:01]} 8. Be2 {[%clk
01:29:12]} {[%emt 00:01:23]} exd5 {[%clk 01:23:26]} {[%emt 00:00:22]} 9. cxd5
{[%clk 01:29:19]} {[%emt 00:00:23]} a6 {[%clk 01:22:14]} {[%emt 00:01:42]} 10.
a4 {[%clk 01:29:36]} {[%emt 00:00:13]} Nbd7 {[%clk 01:22:29]} {[%emt 00:00:15]}
11. O-O {[%clk 01:28:25]} {[%emt 00:01:40]} Rb8 {[%clk 01:20:36]} {[%emt
00:02:24]} 12. Be3 {[%clk 01:22:51]} {[%emt 00:06:02]} Re8 {[%clk 01:10:51]}
{[%emt 00:10:16]} 13. f3 {[%clk 01:19:53]} {[%emt 00:03:26]} h5 {[%clk
01:06:14]} {[%emt 00:05:08]} 14. Qd2 {[%clk 01:19:06]} {[%emt 00:01:17]} h4
{[%clk 01:06:23]} {[%emt 00:00:22]} 15. Nh1 {[%clk 01:19:24]} {[%emt 00:00:12]}
Nh7 {[%clk 01:06:05]} {[%emt 00:00:48]} 16. Nf2 {[%clk 01:18:17]} {[%emt
00:01:36]} Ndf8 {[%clk 01:04:39]} {[%emt 00:01:57]} 17. Rab1 {[%clk 01:04:37]}
{[%emt 00:14:09]} Qa5 {[%clk 00:56:49]} {[%emt 00:08:22]} 18. Rfc1 {[%clk
01:02:11]} {[%emt 00:02:55]} Nd7 {[%clk 00:48:50]} {[%emt 00:08:30]} 19. b4
{[%clk 00:52:50]} {[%emt 00:09:50]} cxb4 {[%clk 00:48:43]} {[%emt 00:00:37]} 20.
Na2 {[%clk 00:51:16]} {[%emt 00:02:04]} Nc5 {[%clk 00:47:53]} {[%emt 00:01:21]}
21. Qxb4 {[%clk 00:49:05]} {[%emt 00:02:40]} Qd8 {[%clk 00:41:47]} {[%emt
00:06:35]} 22. a5 {[%clk 00:45:58]} {[%emt 00:03:38]} Bf8 {[%clk 00:29:42]}
{[%emt 00:12:36]} 23. Nd3 {[%clk 00:35:34]} {[%emt 00:10:50]} Nd7 {[%clk
00:29:48]} {[%emt 00:00:28]} 24. Nc3 {[%clk 00:35:19]} {[%emt 00:00:45]} Nhf6
{[%clk 00:27:58]} {[%emt 00:02:20]} 25. Bg5 {[%clk 00:27:01]} {[%emt 00:08:46]}
Nxd5 {[%clk 00:25:29]} {[%emt 00:03:01]} 26. Bxd8 {[%clk 00:25:14]} {[%emt
00:02:16]} Nxb4 {[%clk 00:25:50]} {[%emt 00:00:09]} 27. Bxh4 {[%clk 00:23:57]}
{[%emt 00:01:47]} Nxd3 {[%clk 00:26:09]} {[%emt 00:00:12]} 28. Bxd3 {[%clk
00:24:19]} {[%emt 00:00:08]} Nc5 {[%clk 00:15:06]} {[%emt 00:11:33]} 29. Bc4
{[%clk 00:21:44]} {[%emt 00:03:04]} Be6 {[%clk 00:14:06]} {[%emt 00:01:31]} 30.
Nd5 {[%clk 00:21:49]} {[%emt 00:00:24]} Bxd5 {[%clk 00:12:20]} {[%emt
00:02:16]} 31. Bxd5 {[%clk 00:22:02]} {[%emt 00:00:17]} Bh6 {[%clk 00:06:08]}
{[%emt 00:06:42]} 32. Rd1 {[%clk 00:21:06]} {[%emt 00:01:25]} Rec8 {[%clk
00:04:38]} {[%emt 00:02:01]} 33. Bg3 {[%clk 00:16:15]} {[%emt 00:05:21]} Rd8
{[%clk 00:04:27]} {[%emt 00:00:41]} 34. Rb6 {[%clk 00:13:39]} {[%emt 00:03:06]}
Bf8 {[%clk 00:03:38]} {[%emt 00:01:19]} 35. e5 {[%clk 00:11:58]} {[%emt
00:02:13]} dxe5 {[%clk 00:02:46]} {[%emt 00:01:22]} 36. Bxe5 {[%clk 00:11:34]}
{[%emt 00:00:53]} Rbc8 {[%clk 00:02:56]} {[%emt 00:00:21]} 37. Rxg6+ {[%clk
00:10:32]} {[%emt 00:01:32]} Kh7 {[%clk 00:03:24]} {[%emt 00:00:02]} 38. Rf6
{[%clk 00:09:49]} {[%emt 00:01:13]} Rd7 {[%clk 00:03:41]} {[%emt 00:00:13]} 39.
Rd4 {[%clk 00:09:59]} {[%emt 00:00:19]} Bg7 {[%clk 00:03:09]} {[%emt 00:01:02]}
40. Rh4+ {[%clk 00:09:50]} {[%emt 00:00:39]} Kg8 {[%clk 00:03:25]} {[%emt
00:00:14]} 41. Rg6 {[%clk 00:10:14]} {[%emt 00:00:06]} Rxd5 {[%clk 00:03:27]}
{[%emt 00:00:29]} 42. Rxg7+ {[%clk 00:10:12]} {[%emt 00:00:32]} Kf8 {[%clk
00:03:56]} {[%emt 00:00:01]} 43. Rh8+ {[%clk 00:10:12]} {[%emt 00:00:30]} Ke7
{[%emt 00:00:03]} 44. Rxc8 Rxe5 45. Rc7+ 1-0